[Event "13th SRB-chW 2019"]
[Site "Beograd"]
[Date "2019.05.08"]
[Round "3.2"]
[White "Chelushkina, Irina"]
[Black "Bojicic, Andjela"]
[Result "1/2-1/2"]
[WhiteElo "2272"]
[BlackElo "2105"]
[Annotator "RC"]
[PlyCount "84"]
[EventDate "2019.05.06"]
[EventCountry "SRB"]
[SourceTitle "playchess.com"]
[Source "ChessBase"]
[SourceQuality "1"]

1. g3 Nf6 2. Bg2 d5 3. Nf3 g6 4. O-O Bg7 5. d4 O-O 6. c3 b6 7. a4 Bb7 8. a5 Ne4 9. Nbd2 Nxd2 10. Bxd2 c5 11. h4 Nd7 12. a6 Bc6 13. h5 e5 14. dxe5 Nxe5 15. Nxe5 Bxe5 16. Bh6 Re8 17. c4 Qf6 18. cxd5 Bb5 19. Bc1 Bxb2 20. Rb1 Bxc1 21. Rxb5 Bb2 22. e3 Rad8 23. Qg4 Bc3 24. Rb3 Rc8 25. Qc4 Bb4 26. f4 Rb8 27. Qb5 Bd2 28. Rf3 Qf5 29. Rd3 Bb4 30. hxg6 hxg6 31. d6 Rbd8 32. Rf1 Kg7 33. e4 Rxe4 34. Bxe4 Qxe4 35. d7 c4 36. Rdf3 Bc5+ 37. Kg2 Qe2+ 38. R1f2 Bxf2 39. Rxf2 Qe4+ 40. Rf3 Qc2+ 41. Rf2 Qe4+ 42. Rf3 Qe2+ 1/2-1/2

[Event "13th SRB-chW 2019"]
[Site "Beograd"]
[Date "2019.05.08"]
[Round "3.3"]
[White "Injac, Teodora"]
[Black "Velikic, Adela"]
[Result "1/2-1/2"]
[WhiteElo "2270"]
[BlackElo "2323"]
[Annotator "RC"]
[PlyCount "171"]
[EventDate "2019.05.06"]
[EventCountry "SRB"]
[SourceTitle "playchess.com"]
[Source "ChessBase"]
[SourceQuality "1"]

1. Nf3 c5 2. c4 Nc6 3. g3 e5 4. Nc3 g6 5. Bg2 Bg7 6. O-O Nge7 7. a3 d6 8. b4 h6 9. Rb1 O-O 10. d3 Rb8 11. Ne1 Be6 12. Nc2 cxb4 13. axb4 d5 14. b5 Nd4 15. Ne3 dxc4 16. dxc4 Qa5 17. Bd2 Qc7 18. Qa4 Rfd8 19. Rfd1 b6 20. Ra1 Rd7 21. Kf1 Rc8 22. Ncd5 Qd8 23. Rac1 Kh7 24. Nxe7 Qxe7 25. Nd5 Qd8 26. e3 Nf5 27. Bb4 h5 28. h3 Qg5 29. Kg1 e4 30. Nf4 Rxd1+ 31. Qxd1 Bxc4 32. Bxe4 Bb2 33. Rb1 Be5 34. Be1 h4 35. Qg4 Qxg4 36. hxg4 Nd6 37. Bc6 hxg3 38. f3 a6 39. Bxg3 axb5 40. Be4 f5 41. gxf5 gxf5 42. Bc2 Ba2 43. Rc1 Kg8 44. Ng6 Bxg3 45. Ne7+ Kf8 46. Nxc8 Nxc8 47. Bxf5 Nd6 48. Bb1 Bc4 49. f4 Bh4 50. Rd1 Ke7 51. Kg2 Bf6 52. e4 Bc3 53. e5 Nb7 54. Kg3 b4 55. Rh1 Nc5 56. Rh7+ Kf8 57. Kg4 b3 58. Rh3 Bd4 59. Kg5 Ke7 60. Rh7+ Kd8 61. Rh1 Kc7 62. Rd1 Bb2 63. Kf6 Nd7+ 64. Ke7 Ba3+ 65. Ke8 Bb5 66. Kf7 Be2 67. Re1 Bh5+ 68. Kg7 Bb2 69. Kh6 Bg4 70. Kg5 Bf3 71. e6 Nf6 72. e7 Bc6 73. Re3 Ba4 74. Bg6 Bd4 75. e8=Q Bxe8 76. Rxe8 Nxe8 77. Bxe8 Kd6 78. Ba4 b2 79. Bc2 Kd5 80. Kf5 Bh8 81. Bb1 b5 82. Kg4 Kd4 83. Kf3 Kc3 84. Ke2 Bf6 85. Kd1 Bd4 86. Ke2 1/2-1/2

[Event "13th SRB-chW 2019"]
[Site "Beograd"]
[Date "2019.05.08"]
[Round "3.4"]
[White "Nestorovic, Katarina"]
[Black "Blagojevic, Tijana"]
[Result "1/2-1/2"]
[WhiteElo "2132"]
[BlackElo "2174"]
[Annotator "ChessBase"]
[PlyCount "103"]
[EventDate "2019.05.06"]
[EventCountry "SRB"]
[SourceTitle "playchess.com"]
[Source "ChessBase"]
[SourceQuality "1"]

1. e4 e5 2. Bc4 Nf6 3. d3 Nc6 4. Nc3 Na5 5. Qf3 d6 6. Nge2 Nxc4 7. dxc4 Be7 8. Bg5 Bg4 9. Qg3 Be6 10. b3 O-O 11. h4 a6 12. a4 Kh8 13. f3 Ng8 14. O-O-O f6 15. Be3 c6 16. f4 b5 17. c5 Qc7 18. Qf2 dxc5 19. Bxc5 exf4 20. Nxf4 Bxc5 21. Nxe6 Ba3+ 22. Kb1 Qe5 23. Nd4 b4 24. Ka2 c5 25. Nde2 bxc3 26. Kxa3 Qxe4 27. Nxc3 Qb4+ 28. Kb2 Rfd8 29. Nd5 Qa5 30. Qe2 Re8 31. Qc4 Re5 32. Nf4 Qb4 33. Qxb4 cxb4 34. Rd4 a5 35. c3 bxc3+ 36. Kxc3 Ne7 37. Rhd1 Kg8 38. Nd5 Rc8+ 39. Rc4 Nxd5+ 40. Rxd5 Rxd5 41. Rxc8+ Kf7 42. Kc4 Rd2 43. Kb5 Rd3 44. Kxa5 Rxb3 45. Rc4 h5 46. Rb4 Rg3 47. Kb6 Rxg2 48. a5 Ra2 49. Rb5 g5 50. hxg5 fxg5 51. Rxg5 h4 52. Rh5 1/2-1/2

[Event "13th SRB-chW 2019"]
[Site "Beograd"]
[Date "2019.05.08"]
[Round "3.5"]
[White "Drljevic, Ljilja"]
[Black "Gajcin, Marina"]
[Result "0-1"]
[WhiteElo "2155"]
[BlackElo "2299"]
[Annotator "TA"]
[PlyCount "90"]
[EventDate "2019.05.06"]
[EventCountry "SRB"]
[SourceTitle "playchess.com"]
[Source "ChessBase"]
[SourceQuality "1"]

{[%evp 18,90,3,0,0,-21,-21,-26,-14,-14,-20,-19,-19,-12,-14,0,0,0,0,-5,0,4,4,0,0,-182,-125,-149,-142,-210,-216,-224,-183,-197,-191,-294,-292,-372,-360,-500,-378,-376,-373,-578,-589,-545,-554,-536,-496,-557,-546,-529,-525,-646,-633,-642,-650,-691,-693,-726,-693,-706,-697,-1939,-1892,-1838,-1689,-5052,-5039,-5143,-4875,-29982,-29983,-29974,-29975]} 1. e4 c5 2. d3 Nc6 3. g3 g6 4. Bg2 Bg7 5. f4 e6 6. Nf3 Nge7 7. O-O O-O 8. c3 d6 9. Na3 Rb8 10. Be3 b5 {[%cal Bb7b5,Bb5b4][%mdl 32] B20: Sicilian: Unusual White 2nd moves} 11. Qd2 b4 $146 ({Predecessor:} 11... a5 12. Rfd1 Ba6 13. Nc2 b4 14. d4 cxd4 15. Ncxd4 bxc3 16. bxc3 Nxd4 17. cxd4 Rb4 18. Rac1 {0-1 (40) Shoker,S (2504)-Deleyn,G (2197) Barcelona 2012}) 12. Nc4 Ba6 {Black has an edge.} 13. Rac1 bxc3 14. bxc3 Na5 15. Nxa5 Qxa5 16. Rf2 Rfd8 17. g4 d5 $36 {[%mdl 2048] [#] ...dxe4 is the strong threat. Black has good play.} 18. e5 d4 19. cxd4 Qxd2 20. Bxd2 cxd4 21. f5 $2 (21. Ba5 $11 Rd7 22. h3) 21... exf5 ({Better is} 21... gxf5 $19 22. Bg5 Rd7 23. Bxe7 Rxe7 24. Nxd4 fxg4) 22. Bg5 $17 Rd7 ({Don't take} 22... fxg4 23. Bxe7 gxf3 24. Bxd8 $15) 23. Bxe7 (23. Bf4 $17 Rb6 24. Nd2) 23... Rxe7 $19 24. Nxd4 Bxe5 ({Much less strong is} 24... Rxe5 25. Nc6 $17) ({Resist} 24... Bxd3 25. gxf5 gxf5 26. Nxf5 $17) 25. Nc6 Rc7 {Threatens to win with ...Bd4!} 26. Rfc2 (26. Re1 $142 Rxc6 27. Bxc6) 26... Bxd3 27. Rc5 Bf4 28. Re1 Rb1 29. Rxb1 {Strongly threatening Re1.} Bxb1 30. Kf2 (30. Rb5 $142 Be3+ 31. Kh1) 30... fxg4 31. Rc4 Bxh2 32. Rxg4 Bxa2 33. Rd4 Be6 34. Bf3 g5 35. Ra4 Bd6 36. Ra5 g4 37. Be4 {[#]} f5 $1 38. Bg2 (38. Bxf5 g3+) 38... f4 39. Be4 h6 40. Kg2 f3+ 41. Kf1 Bc4+ 42. Kf2 Rf7 43. Bf5 Bc7 44. Bg6 g3+ 45. Ke3 Bb6+ {Accuracy: White = 54%, Black = 86%.} 0-1

[Event "13th SRB-chW 2019"]
[Site "Beograd"]
[Date "2019.05.09"]
[Round "4.1"]
[White "Benderac, Ana"]
[Black "Gajcin, Marina"]
[Result "1/2-1/2"]
[WhiteElo "2214"]
[BlackElo "2299"]
[Annotator "ChessBase"]
[PlyCount "103"]
[EventDate "2019.05.06"]
[EventCountry "SRB"]
[SourceTitle "playchess.com"]
[Source "ChessBase"]
[SourceQuality "1"]

1. d4 Nf6 2. Nf3 g6 3. Bf4 Bg7 4. Nc3 d5 5. e3 O-O 6. h3 c5 7. Be2 Nc6 8. O-O cxd4 9. exd4 Ne4 10. Re1 Bf5 11. g4 Be6 12. Bf1 Rc8 13. Ne2 Qd7 14. c3 g5 15. Nxg5 Nxg5 16. Bxg5 Bxg4 17. Kh2 Qf5 18. Be3 Qh5 19. Qd2 h6 20. Ng3 Qh4 21. f4 Kh8 22. Bf2 Bd7 23. Qe3 Rg8 24. Qf3 Qf6 25. Nh5 Qd6 26. Bd3 f5 27. Bh4 Rcf8 28. Re3 Be8 29. Ng3 e6 30. Rae1 Bd7 31. Nh5 Qb8 32. Kh1 Qe8 33. Ng3 Qf7 34. Nh5 Qe8 35. Kh2 Qf7 36. Qe2 Ne7 37. Nxg7 Rxg7 38. Rg3 Ng6 39. Qh5 Nxh4 40. Qxh4 Qf6 41. Qxf6 Rxf6 42. c4 dxc4 43. Bxc4 Rfg6 44. Reg1 Rxg3 45. Rxg3 Rxg3 46. Kxg3 Kg7 47. b4 Kf6 48. b5 b6 49. a4 Be8 50. Be2 Bf7 51. Bf3 Ke7 52. Kf2 1/2-1/2

[Event "13th SRB-chW 2019"]
[Site "Beograd"]
[Date "2019.05.09"]
[Round "4.2"]
[White "Blagojevic, Tijana"]
[Black "Drljevic, Ljilja"]
[Result "1/2-1/2"]
[WhiteElo "2174"]
[BlackElo "2155"]
[Annotator "TA"]
[PlyCount "128"]
[EventDate "2019.05.06"]
[EventCountry "SRB"]
[SourceTitle "playchess.com"]
[Source "ChessBase"]
[SourceQuality "1"]

{[%evp 12,128,60,40,51,37,54,44,50,18,6,10,6,8,10,7,30,0,7,0,22,13,26,16,27,28,32,34,58,53,164,165,150,136,170,164,159,164,253,67,64,0,0,-13,0,-8,0,0,-11,-64,-40,-37,-56,-37,-33,-120,-108,-604,-58,-45,-20,-20,-22,-172,71,0,0,-104,-22,-118,0,0,0,0,0,0,0,0,0,0,0,-68,-68,-68,-68,-68,-68,-68,-68,-68,-43,-68,-68,-68,-68,-68,-68,-68,-68,-68,-68,-68,-68,-68,-68,-68,-68,-68,-68,-68,-68,-68,-68,-68,-68,-68,-68,-68,-68]} 1. e4 g6 2. d4 Bg7 3. Nf3 d6 4. Be2 Nf6 5. Nc3 O-O 6. O-O Bg4 7. Re1 a6 {B08: Pirc Defence: Classical System} (7... Nc6 8. d5 Bxf3 9. Bxf3 Ne5 10. Be2 c6 11. a4 a5 12. Ra3 Qc7 13. Bf1 Ned7 14. Be3 Nc5 15. e5 Nxd5 16. Nxd5 cxd5 17. Qxd5 Bxe5 {0-1 (40) Guseinov,G (2591)-Abbasov,F (2537) Baku 2011}) 8. h3 Bxf3 9. Bxf3 Nc6 {White is slightly better.} 10. d5 Ne5 11. Be2 $146 ({Predecessor:} 11. Bf4 Nxf3+ 12. Qxf3 Nh5 {0-1 (37) Bencker,J-Lindner,S Germany 1998}) 11... c6 12. f4 Ned7 13. Bf3 cxd5 14. exd5 Rc8 15. Be3 b5 16. a4 $36 {[%mdl 2048] White has good play.} b4 17. Na2 a5 18. c3 bxc3 19. Nxc3 {[%cal Ba2c3,Bc3b5,Bb5a7,Ba7c6][%mdl 32]} Rc4 20. Nb5 Qa8 (20... Rb4 $14) 21. b3 $18 Rcc8 22. Na7 Rc3 {Strongly threatening ...Rxe3!} 23. Nc6 $1 Nc5 24. Rc1 Rd3 (24... Rxc1 $142 25. Bxc1 (25. Qxc1 Nd3 $11 {[%mdl 64] Double Attack}) (25. Nxe7+ Kh8 $16) 25... Re8) 25. Qc2 $2 ({But not} 25. Nxe7+ $6 Kh8 $16) (25. Qe2 $18 Rxe3 26. Qxe3) 25... Nfd7 $14 26. Bxc5 (26. Rb1 $14) 26... Nxc5 $11 27. Rxe7 Bf6 28. Qe2 {And now Rxc5! would win.} Qa6 29. Re3 {Threatens to win with Rxc5!} Qb6 30. Kh2 ({White has to play} 30. Rxc5 $1 $11 Rxe3 31. Qxe3 dxc5 32. Kh2) 30... Rxb3 31. Rxb3 Qxb3 32. Qc4 Qe3 33. Rd1 (33. Rc2 $15) 33... Re8 $17 34. Rf1 $2 {[%mdl 8192]} (34. Qc1 $17) 34... Nd3 $2 (34... Nb3 $1 $19 35. Rg1 Nd2 {[%mdl 64] Double Attack}) 35. Nxa5 $15 Bd4 ({Don't play} 35... Qxf4+ $6 36. Qxf4 Nxf4 37. Nc4 $14) 36. Nc6 Bc5 37. a5 (37. f5 $11) 37... Nxf4 $2 (37... Ne1 $1 $19 38. Kh1 Nxf3 39. gxf3 Qd2) 38. a6 ({Better is} 38. Qc1 $1 $16) 38... Nd3 $11 39. a7 (39. Qc3 $11 {keeps the balance.}) 39... Ne1 (39... Ne5 $17 40. Qa2 Nxf3+ 41. gxf3 Qe2+ 42. Qxe2 Rxe2+ 43. Kh1 Ra2 44. Ne7+ Kg7) 40. Qg4 {[#]} (40. Bg4 $11 Bxa7 41. Nxa7 Qxa7 42. Be2) 40... h5 ({Of course not} 40... Bxa7 $6 {[#]} 41. Rxe1 $1 {[%mdl 512]} Qxe1 42. Nxa7 $11) (40... f5 $1 $17 {[%cal Rf5g4]} 41. Qg3 Nxf3+ 42. Qxf3 Bxa7 43. Nxa7 Qxa7) 41. Qg3 {aiming for Rxe1!} Nc2 42. Bd1 Qxg3+ $1 43. Kxg3 h4+ 44. Kh2 Nd4 45. Re1 Ra8 (45... Rxe1 $5 46. a8=Q+ $8 Kh7 47. Nxd4 Bxd4 $11) 46. Re7 ({White should play} 46. Re4 $11) 46... Nb5 $15 {[%cal Rb5a7] Black is slightly better.} 47. Ba4 Nxa7 48. Nxa7 Rxa7 49. Rxa7 Bxa7 {[%mdl 4096] Endgame KB-KB} 50. g3 Bf2 51. gxh4 Bxh4 52. Kg2 Kg7 53. Kf3 Kf6 54. Be8 Bg5 55. Kg4 Bh6 56. Kf3 Ke7 57. Bb5 f5 58. Ba4 Bg5 59. Bb5 Bd2 60. Ke2 Bc1 61. Kf3 g5 62. Ba4 Kf6 63. Bd7 Ke5 64. Be6 Bd2 {Accuracy: White = 43%, Black = 52%.} 1/2-1/2

[Event "13th SRB-chW 2019"]
[Site "Beograd"]
[Date "2019.05.09"]
[Round "4.3"]
[White "Velikic, Adela"]
[Black "Nestorovic, Katarina"]
[Result "1/2-1/2"]
[WhiteElo "2323"]
[BlackElo "2132"]
[Annotator "TA"]
[PlyCount "132"]
[EventDate "2019.05.06"]
[EventCountry "SRB"]
[SourceTitle "playchess.com"]
[Source "ChessBase"]
[SourceQuality "1"]

{[%evp 10,132,28,27,25,0,23,25,17,13,55,56,79,32,51,52,54,50,81,54,63,54,52,28,55,34,40,18,27,0,0,-101,-106,-215,-225,-228,-227,-243,-188,-183,-172,-175,-167,-193,-203,-176,-180,-236,-230,-239,-158,-169,-154,-530,-526,-600,-341,-318,-277,-295,-289,-387,-391,-667,-665,-637,-437,-422,-272,-403,-373,-396,-281,-443,-430,-650,-645,-619,-543,-526,-498,-471,-272,-240,-258,-241,-19,-8,-13,-35,0,0,0,0,0,0,0,0,0,0,0,0,8,8,8,-121,-128,-733,-368,-356,0,-356,-356,-304,-8,-8,-8,-8,-8,-9,0,0,0,0,0]} 1. d4 Nf6 2. c4 e6 3. Nf3 Bb4+ 4. Nbd2 O-O 5. a3 Be7 6. e4 d6 {E11: Bogo-Indian} (6... d5 7. e5 Nfd7 8. Bd3 c5 9. h4 g6 10. O-O Nc6 11. Nb3 dxc4 12. Bxc4 cxd4 13. Re1 a5 14. Bh6 Re8 15. Rc1 Nb6 {1-0 (39) Ding,L (2804)-Saric,I (2689) Batumi 2018}) 7. b4 c5 (7... e5 $5) 8. dxc5 $146 ({Predecessor:} 8. Bb2 cxd4 9. Nxd4 b6 10. Bd3 Bb7 11. O-O Nc6 12. Nxc6 Bxc6 13. Qe2 Nd7 14. Nf3 {½-½ (51) Afanasiev,N (2508)-Salemgareev,T (2342) Moscow 2019}) 8... dxc5 {White has an edge.} 9. b5 Nh5 10. g3 f5 11. e5 (11. Qc2 {with more complications.} b6 12. Bg2 Bb7 13. O-O Nd7 14. Bb2) 11... b6 12. Bg2 {Hoping for Nh4.} Bb7 13. O-O Qe8 14. Bb2 Nd7 15. Qe2 g5 16. Rad1 Rd8 17. h3 Qg6 18. Ne1 Bxg2 19. Nxg2 f4 20. g4 (20. Kh2 $11) 20... Qc2 $17 21. Ne1 (21. Rb1 $17 Nb8 22. Bc1) 21... f3 $1 $19 {[%cal Rf3e2]} (21... Qxb2 22. Nd3 $17) 22. Qe3 Qxd1 23. gxh5 Qe2 24. Nexf3 Qxe3 25. fxe3 Kg7 $1 26. Ne4 Kh6 27. Ng3 Nb8 28. Kg2 (28. Ne4 {was necessary.}) 28... Rd3 29. Re1 Rfd8 30. Re2 Rb3 31. Ne1 $2 (31. Kf2 $17 {is more resistant.}) 31... Rd1 32. Ne4 Rb1 33. Bc3 Rxa3 34. Nf3 Rc1 35. Bb2 Ra2 36. Nf2 $2 (36. Kf2 Rxc4 37. Nf6) 36... Rxc4 37. Nd3 Rca4 38. Nc1 c4 (38... g4 39. Ng1 $19) 39. Nxa2 (39. Nd4 {only move.}) 39... Rxa2 40. Kf1 Nd7 41. Nd4 (41. Rd2 $142 Nc5 42. Bd4) 41... Nc5 42. Nc6 (42. Bc3 $142 Rxe2 43. Kxe2) 42... Ne4 {White must now prevent ...Ng3+.} 43. Ke1 Ba3 44. Bd4 Rxe2+ 45. Kxe2 {[%mdl 4096] Endgame KBN-KBN} Nc5 (45... Kxh5 $142 46. Nxa7 Bc5) 46. Nxa7 Kxh5 47. Nc8 {[#]} Kh4 $2 (47... Bb4 $1 $19 {And now ...c3 would win.} 48. Nxb6 c3) 48. Nxb6 $11 Nb7 49. Nxc4 Bc5 50. Nd2 Kxh3 51. Ne4 Be7 $1 52. Nf6 g4 {...g3 is the strong threat.} 53. Kf1 ({But not} 53. Nxh7 g3 $17) 53... h6 (53... g3 $5 54. Kg1 $8 h6 $11) 54. Kg1 g3 55. b6 Bb4 56. Nh5 Kg4 57. Nf6+ (57. Nf4 $11) 57... Kf3 $17 {Strongly threatening ...Be1.} 58. Kf1 $2 {[%mdl 8192]} (58. Nh5 $17) 58... Bd2 59. Nh5 {[#]} g2+ $1 ({Worse is} 59... Bxe3 60. Bxe3 Kxe3 61. Ng7 $11) 60. Kg1 Be1 {( -> ...Bf2+)} ({Not} 60... Bxe3+ 61. Bxe3 Kxe3 62. Ng7 $11) 61. e4 {Now Ng7 and White clings on.} Kxe4 $2 ({Black should try} 61... Na5 $19 62. Ng7 Nb3 63. Nxe6 Nc1) 62. Bf2 $1 $132 {[%cal Rf2e1][%mdl 2048] The position is equal. White is not holding back} Bc3 {aiming for ...Kf3.} 63. Kxg2 Bxe5 64. Ng3+ Bxg3 65. Kxg3 e5 66. Kg4 Kd3 {Accuracy: White = 47%, Black = 44%.} 1/2-1/2

[Event "13th SRB-chW 2019"]
[Site "Beograd"]
[Date "2019.05.09"]
[Round "4.4"]
[White "Bojicic, Andjela"]
[Black "Injac, Teodora"]
[Result "0-1"]
[WhiteElo "2105"]
[BlackElo "2270"]
[Annotator "ChessBase"]
[PlyCount "64"]
[EventDate "2019.05.06"]
[EventCountry "SRB"]
[SourceTitle "playchess.com"]
[Source "ChessBase"]
[SourceQuality "1"]

1. Nf3 Nf6 2. b3 g6 3. Bb2 Bg7 4. c4 O-O 5. e3 d6 6. Be2 e5 7. O-O c6 8. Nc3 Re8 9. d4 e4 10. Nd2 h5 11. Qc2 Bf5 12. b4 Nbd7 13. b5 c5 14. Nb3 Qe7 15. Rfd1 Rac8 16. dxc5 dxc5 17. Nd5 Nxd5 18. Rxd5 Ne5 19. Bxe5 Bxe5 20. Rad1 b6 21. R5d2 h4 22. h3 Bb8 23. Kf1 Be5 24. Kg1 Qg5 25. Kh1 Bb8 26. Rd5 Qe7 27. Bg4 Qc7 28. g3 Bxg4 29. hxg4 hxg3 30. fxg3 Qxg3 31. Qg2 Qxe3 32. Qd2 Qh3+ 0-1

[Event "13th SRB-chW 2019"]
[Site "Beograd"]
[Date "2019.05.09"]
[Round "4.5"]
[White "Eric, Jovana"]
[Black "Chelushkina, Irina"]
[Result "0-1"]
[WhiteElo "2221"]
[BlackElo "2272"]
[Annotator "TA"]
[PlyCount "38"]
[EventDate "2019.05.06"]
[EventCountry "SRB"]
[SourceTitle "playchess.com"]
[Source "ChessBase"]
[SourceQuality "1"]

{[%evp 11,130,24,38,5,5,-9,11,2,47,40,34,-84,-47,-66,-72,-86,-64,-72,-18,-52,-47,-33,-32,-126,-110,-114,-106,-159,-137,-179,-127,-127,0,-181,-158,-164,-124,-139,-108,-122,-113,-136,-127,-149,-140,-151,-137,-157,-110,-123,-104,-98,-91,-105,-98,-95,-77,-87,-54,-54,-20,-30,0,0,13,8,111,85,92,111,84,77,98,86,104,73,100,5,142,74,288,0,35,0,0,0,0,0,0,0,0,0,0,-29,-31,-43,-66,-643,-613,-516,-507,-1566,-1460,-928,-831,-5521,-5645,-5181,-4541,-5147,-5089,-29974,-29975,-29994,-29995,-29995,-29993,-29993,-29982,-29982,-29982]} 1. e4 c5 2. Nf3 a6 3. Nc3 d6 4. d4 cxd4 5. Nxd4 e6 6. Be3 b5 7. a4 {B54: Sicilian: 2...d6 3 d4 cxd4 4 Nxd4, Unusual Lines} b4 $1 {[%cal Rb4c3]} 8. Na2 Bb7 9. f3 {The position is equal.} Nf6 10. Qd2 d5 11. O-O-O $146 ({Of course not} 11. Nxb4 dxe4 12. Be2 exf3 $15) (11. e5 $1 $14 {stays ahead.} Nfd7 12. Nxb4) ({Predecessor:} 11. e5 Nfd7 12. f4 Nc5 13. Bd3 a5 14. f5 exf5 15. Nxf5 Nxd3+ 16. cxd3 d4 17. Nxd4 {½-½ (25) Smeets,J (2669)-Lupulescu,C (2617) Germany 2011}) 11... Qa5 12. Kb1 Nbd7 13. exd5 Nxd5 14. Bc4 N7f6 (14... N7b6 $17 15. Bb3 Be7) 15. Rhe1 Be7 $1 16. Bb3 O-O 17. g4 (17. Bf2 $15) 17... Nxe3 $17 18. Qxe3 {Threatening Nxe6!} Nd5 19. Qf2 ({White should play} 19. Bxd5 Bxd5 20. Nb3) 19... Rad8 {Played: Be7-c5} 0-1

[Event "13th SRB-chW 2019"]
[Site "Beograd"]
[Date "2019.05.10"]
[Round "5.2"]
[White "Injac, Teodora"]
[Black "Eric, Jovana"]
[Result "1/2-1/2"]
[WhiteElo "2270"]
[BlackElo "2221"]
[Annotator "NA"]
[PlyCount "24"]
[EventDate "2019.05.06"]
[EventCountry "SRB"]
[SourceTitle "playchess.com"]
[Source "ChessBase"]
[SourceQuality "1"]

1. c4 c6 2. e4 d5 3. exd5 cxd5 4. d4 Nf6 5. Nf3 Bg4 6. Qb3 Bxf3 7. Qxb7 Nbd7 8. gxf3 Rb8 9. Qxa7 Ra8 10. Qb7 Rb8 11. Qa7 Ra8 12. Qb7 Rb8 1/2-1/2

[Event "13th SRB-chW 2019"]
[Site "Beograd"]
[Date "2019.05.10"]
[Round "5.3"]
[White "Nestorovic, Katarina"]
[Black "Bojicic, Andjela"]
[Result "1-0"]
[WhiteElo "2132"]
[BlackElo "2105"]
[Annotator "TA"]
[PlyCount "99"]
[EventDate "2019.05.06"]
[EventCountry "SRB"]
[SourceTitle "playchess.com"]
[Source "ChessBase"]
[SourceQuality "1"]

{[%evp 15,99,0,-14,-12,41,31,37,13,168,150,164,176,172,135,295,239,269,158,150,152,158,155,165,133,182,176,188,189,278,256,256,183,228,74,64,80,252,202,438,414,497,489,526,549,495,454,529,568,552,541,1812,1800,1677,1600,1653,1582,1582,1527,29964,29964,29963,29964,29961,29964,29961,29964,11664,12799,29953,12821,6211,5122,29977,29978,29978,29979,29981,29982,29982,29983,29983,29984,29985,29986,29987,29988]} 1. e4 c5 2. Nf3 d6 3. d4 cxd4 4. Nxd4 Nf6 5. Nc3 g6 6. f4 Nc6 7. Nxc6 bxc6 8. e5 Nd7 9. Qf3 {B71: Sicilian Dragon: 6 f4} (9. exd6 exd6 10. Be3 Be7 11. Be2 O-O 12. O-O d5 13. Kh1 Re8 14. Bf3 Bf6 15. Bd4 Ba6 16. Rg1 Rb8 17. Na4 Rb4 18. c3 Bxd4 19. cxb4 Bxg1 20. Qxg1 {½-½ (69) Sulskis,S (2519)-Gonzalez Acosta,B (2481) Baku 2016}) 9... Bb7 (9... Rb8 $11) 10. Bd2 $146 ({Predecessor:} 10. Qe3 Qc7 11. exd6 Qxd6 12. Ne4 Qe6 13. Bc4 Qg4 14. Nd6+ Kd8 15. Nxb7+ Kc7 16. Na5 Bg7 17. Qe4 Rac8 18. Qxc6+ Kd8 19. Nb7+ Ke8 20. Qxc8# {1-0 (20) Glinzner,A (1433)-Nguyen,P (1205) Hannover 2015}) 10... Bg7 11. O-O-O {White is slightly better.} O-O $2 (11... dxe5 $11 {and Black is okay.} 12. Ne4 Qc7) 12. h4 $1 $18 dxe5 13. h5 $1 {[%cal Rh5g6] hxg6 is the strong threat.} exf4 14. hxg6 Nf6 $2 (14... hxg6 $16 {was necessary.} 15. Bxf4 Qc8) 15. Bxf4 Qa5 {[#]} 16. gxh7+ (16. gxf7+ $1 $18 Rxf7 17. Bd3) 16... Kh8 $16 17. Kb1 Bc8 {White should prevent ...Bg4.} 18. Qxc6 Bg4 19. Bc7 Qg5 {[#]} 20. Re1 $1 Bd7 21. Qf3 Rac8 (21... Bf5 {was worth a try.} 22. Bf4 Qg6 23. Rxe7 Bxc2+ 24. Ka1 Rac8) 22. Bf4 $18 (22. Rxe7 $2 Rxc7 23. Qe3 Qxe3 $19) 22... Qa5 23. Re5 (23. Rxe7 Qb4 $16) 23... Qb6 {and if ...Ng4 works, Black does fine.} 24. Bh6 $2 ({Much less strong is} 24. Rxe7 $6 Qb4 $16) (24. Rg5 $18 {has better winning chances.}) 24... Bxh6 $16 25. Rxh6 Bg4 $2 (25... Ne4 $16 26. Rxe4 (26. Rxb6 Nd2+ 27. Kc1 Nxf3 $14) (26. Qxe4 Qxh6 27. Qe1 Be6 $11) 26... Qxh6) 26. Qe3 Qd6 $2 (26... Qxe3 27. Rxe3 Be6) 27. Bd3 {Black must now prevent Rg5.} Rxc3 28. bxc3 Rb8+ 29. Rb5 Rxb5+ 30. Bxb5 Qb8 31. a4 Be6 32. Qg5 a6 33. Rxf6 exf6 {[#]} 34. Qg8+ $1 {[%mdl 64] Promotion} Qxg8 35. hxg8=Q+ Kxg8 36. Bxa6 $18 {[%mdl 4096] Endgame KB-KB} Kf8 37. Bb7 Ke7 38. a5 {[%cal Ba4a5,Ba5a6][%mdl 32]} Kd6 39. a6 Kc7 40. Kb2 Kb6 41. Ka3 Bf5 42. Kb3 Bg4 43. c4 {[%cal Bc3c4,Bc4c5,Bc5c6][%mdl 32]} Be6 44. Kb4 {White mates.} Bf5 45. c5+ Ka7 46. c3 Bd3 47. g3 f5 48. Ka5 f4 49. gxf4 f5 50. c6 {Accuracy: White = 82%, Black = 21%.} 1-0